[Event "Pres. Cup-1 (Qualifier)"]
[Site "Twin Falls, ID"]
[Date "2010.07.31"]
[Round "3.3"]
[White "Booth, Tom R"]
[Black "McGarvey, James H"]
[Result "1-0"]
[WhiteElo "1584"]
[BlackElo "1689"]

1. d4 Nf6 2. c4 e6 3. Nc3 Bb4 4. e3 c5 5. dxc5 Bxc5 6. Nf3 d5 7. Be2 Nc6 8.
O-O O-O 9. b3 a6 10. Bb2 Bd6 11. cxd5 exd5 12. Nd4 Nxd4 13. Qxd4 b5 14. Nxd5
{#r} 1-0

[Event "Pres. Cup-2 (Eliminator)"]
[Site "Twin Falls, ID"]
[Date "2010.07.31"]
[Round "1.4"]
[White "Edvalson, Paul F"]
[Black "Booth, Tom R"]
[Result "0-1"]
[WhiteElo "1236"]
[BlackElo "1584"]

1. e4 e6 2. d4 d5 3. Nc3 Nf6 4. Bg5 Be7 5. f3 O-O 6. Bd3 b6 7. Nge2 Ba6 8.
Bxa6 Nxa6 9. a3 Rc8 10. Qd3 Nb8 11. O-O c5 12. e5 Ne8 13. Bxe7 Qxe7 14. Rf2
cxd4 15. Nxd4 Nc6 16. Nxc6 Rxc6 17. f4 Qc5 18. Raf1 Qc4 19. Qh3 g6 20. g4 Ng7
21. g5 Nf5 22. Qd3 Qxd3 23. cxd3 a6 24. Kg2 Ne3+ 25. Kf3 Nxf1 26. Rxf1 Rfc8
27. d4 Rc4 28. Ke3 b5 29. Kd3 Kg7 30. h4 h6 31. Rc1 hxg5 32. fxg5 b4 33. axb4
Rxb4 34. Ra1 Rxb2 35. Rxa6 Rb3 {#R} 0-1

[Event "Pres. Cup-2 (Eliminator)"]
[Site "Twin Falls, ID"]
[Date "2010.07.31"]
[Round "2.2"]
[White "Booth, Tom R"]
[Black "Brown, Nicholas Ross"]
[Result "1-0"]
[WhiteElo "1584"]
[BlackElo "1261"]

1. d4 Nf6 2. c4 c5 3. e3 cxd4 4. exd4 g6 5. Nf3 d6 6. Nc3 Bg7 7. Be2 O-O 8.
O-O Bf5 9. Be3 Nbd7 10. Qd2 Ng4 11. h3 Nxe3 12. Qxe3 e5 13. dxe5 dxe5 14. Rfd1
Qc8 15. Nd5 Re8 16. Nh4 Be6 17. Rac1 Qd8 18. Nf3 Bxd5 19. Rxd5 Qe7 20. Rcd1
Nb6 21. R5d2 Rac8 22. b3 Qc5 23. Qxc5 Rxc5 24. Rd8 Rc8 25. Rxc8 Rxc8 26. Ng5
h6 27. Ne4 Kf8 28. c5 Na8 29. b4 Ke7 30. Nd6 Rc7 31. Bf3 b6 32. Bxa8 bxc5 33.
bxc5 Rxc5 34. Ne4 Rc2 35. Bd5 f5 36. Ng3 Kf6 {#r} 1-0

[Event "Pres. Cup-3 (Final 4)"]
[Site "Twin Falls, ID"]
[Date "2010.08.01"]
[Round "1.1"]
[White "Booth, Tom R"]
[Black "Brown, Nicholas Ross"]
[Result "0-1"]
[WhiteElo "1584"]
[BlackElo "1261"]

1. d4 Nf6 2. c4 g6 3. Nc3 Bg7 4. e4 d6 5. Nf3 O-O 6. Be2 Nbd7 7. O-O e5 8. d5
Nc5 9. Qc2 Nh5 10. Rb1 f5 11. Ng5 f4 12. Ne6 Nxe6 13. dxe6 Bxe6 14. b3 Qh4 15.
Bxh5 Qxh5 16. f3 g5 17. Nd5 Bxd5 18. cxd5 Rf7 19. Qe2 Bf6 20. Bd2 Rg7 21. Rf2
Kh8 22. Kh1 Rag8 23. Rc1 Bd8 24. a3 g4 25. fxg4 Rxg4 26. Bxf4 exf4 27. Rxf4
Qg5 28. Qb2+ Qe5 29. Qxe5+ dxe5 30. Rf2 Rxe4 31. Rf5 Be7 32. b4 Bd6 33. Rg1
Re3 34. g3 Kg7 35. Rgf1 Rf8 36. Rg5+ Kh6 37. Rgf5 Rxf5 38. Rxf5 {#R} 0-1

[Event "SIO (Open)"]
[Site "Twin Falls, ID"]
[Date "2010.11.13"]
[Round "1.2"]
[White "Booth, Tom R"]
[Black "Roland, Jeffrey T"]
[Result "1/2-1/2"]
[WhiteElo "1567"]
[BlackElo "1724"]

1. d4 Nf6 2. c4 g6 3. Nc3 d5 4. e3 Bg7 5. Nf3 O-O 6. Bd2 c6 7. Be2 dxc4 8.
Bxc4 b5 9. Be2 a6 10. O-O Bb7 11. Rc1 Nbd7 12. a3 Rc8 13. Rc2 c5 14. dxc5 Nxc5
15. Rc1 Nd3 16. Bxd3 Qxd3 17. Qc2 Rfd8 18. Qxd3 Rxd3 19. Rfd1 Rcd8 20. Be1 Ne4
21. Rxd3 Rxd3 22. Kf1 Nxc3 23. Bxc3 Bxc3 24. Rxc3 Rxc3 25. bxc3 Bxf3 26. gxf3
Kg7 27. Ke2 Kf6 28. Kd3 e5 29. c4 Ke6 30. cxb5 axb5 31. Kc3 Kd5 32. Kb4 Kc6
33. Kc3 {#d} 1/2-1/2

[Event "SIO (Open)"]
[Site "Twin Falls, ID"]
[Date "2010.11.13"]
[Round "3.2"]
[White "Buckendorf Jr., Glen"]
[Black "Booth, Tom R"]
[Result "1/2-1/2"]
[WhiteElo "1800"]
[BlackElo "1567"]

1. e4 e6 2. d4 d5 3. e5 c5 4. c3 Nc6 5. Nf3 Qb6 6. Be2 cxd4 7. cxd4 Nge7 8.
O-O Nf5 9. Nc3 Nfxd4 10. Nxd4 Nxd4 11. Bd3 Nc6 12. Na4 Qd8 13. Bf4 Bd7 14. Rc1
Rc8 15. Nc5 Bxc5 16. Rxc5 O-O 17. Qc2 g6 18. Rc1 Nd4 19. Qd2 Rxc5 20. Rxc5 Qb6
21. Rc1 Nc6 22. Bh6 Rc8 23. Qg5 Qd8 24. Qf4 Qe7 25. Bg5 Qf8 26. Bf6 h5 27. Qg5
Be8 28. g4 Nxe5 29. Bxe5 Rxc1+ 30. Qxc1 f6 31. Bc3 hxg4 32. Bd2 g5 33. Bxg5
fxg5 34. Qxg5+ Qg7 35. Qxg7+ Kxg7 36. Kg2 Bg6 37. Bb5 Kf6 38. Kg3 Bf5 39. f3
gxf3 40. Kxf3 e5 41. h4 d4 42. a3 d3 43. Ke3 e4 44. Bc4 Kg6 45. Bd5 b6 46. b4
Kh5 47. a4 Kxh4 48. a5 bxa5 49. bxa5 Kg3 50. Bb7 d2 51. Kxd2 Kf2 52. Bxe4
{(And the game was drawn a few moves later.-Roland).} {#d} 1/2-1/2

[Event "SIO (Open)"]
[Site "Twin Falls, ID"]
[Date "2010.11.13"]
[Round "4.3"]
[White "Booth, Tom R"]
[Black "Bartell, Fred"]
[Result "1-0"]
[WhiteElo "1567"]
[BlackElo "1618"]

1. d4 Nf6 2. c4 g6 3. Nc3 Bg7 4. e4 d6 5. Nf3 Bg4 6. Be2 Nc6 7. Be3 O-O 8. O-O
Re8 9. Qd2 e5 10. d5 Ne7 11. b4 c6 12. dxc6 bxc6 13. Rfd1 Nc8 14. h3 Bxf3 15.
Bxf3 Rb8 16. a3 a5 17. b5 cxb5 18. Nxb5 Re6 19. a4 h5 20. Rac1 Kh7 21. Bc5 Bh6
22. Be3 Bxe3 23. Qxe3 Qe7 24. c5 Ne8 25. c6 Nc7 26. Be2 f5 27. exf5 gxf5 28.
Nxc7 Qxc7 29. Qg5 Ne7 30. Qxh5+ Kg7 31. Bb5 Rh8 32. Qf3 Rg6 33. Kh1 d5 34.
Rxd5 Nxd5 35. Qxd5 Rd8 36. Qf3 Kf6 37. Rd1 e4 38. Qc3+ Ke7 39. Rxd8 Qxd8 40.
Qc5+ Kf6 41. Qc2 Qc7 42. Qd2 Rg7 43. Qd4+ {#r} 1-0

[Event "WIO (Open)"]
[Site "Boise, ID"]
[Date "2010.12.11"]
[Round "1.3"]
[White "Booth, Tom R"]
[Black "Weyland, Phil"]
[Result "0-1"]
[WhiteElo "1567"]
[BlackElo "1864"]

1. d4 d5 2. c4 e6 3. Nc3 Nf6 4. Bg5 Nbd7 5. cxd5 exd5 6. e3 c6 7. Nf3 Qa5 8.
Nd2 Bb4 9. Qc2 O-O 10. Bd3 c5 11. Bxf6 Nxf6 12. dxc5 Qxc5 13. O-O Bxc3 14.
bxc3 Be6 15. Nb3 Qa3 16. Nd4 Rac8 17. Rfc1 Rc5 18. Qb3 Qxb3 19. axb3 a6 20.
Nxe6 fxe6 21. c4 Rfc8 22. f3 Nd7 23. b4 R5c7 24. c5 Ne5 25. Be2 Nc6 26. b5
axb5 27. Bxb5 Nd8 28. Ra7 Rxc5 29. Rxc5 Rxc5 30. Bd7 Kf8 31. Ra8 Ke7 32. Ba4
Rc1+ 33. Kf2 Ra1 34. Ra7 Kf6 35. Ra8 Nf7 36. Rb8 Rxa4 37. Rxb7 Ra2+ 38. Kg3
Re2 39. Rb3 Nd6 40. e4 dxe4 41. fxe4 Nxe4+ 42. Kf4 e5+ 43. Kg4 Rxg2+ 44. Kh3
Rg1 45. Rb6+ Kg5 46. Rb2 Kf4 47. Kh4 Rg4+ {#R} 0-1

[Event "WIO (Open)"]
[Site "Boise, ID"]
[Date "2010.12.11"]
[Round "3.6"]
[White "Weathers, Rickey D"]
[Black "Booth, Tom R"]
[Result "1/2-1/2"]
[WhiteElo "1510"]
[BlackElo "1567"]

1. d4 e6 2. e4 d5 3. e5 c5 4. c3 Nc6 5. Nf3 cxd4 6. cxd4 Qb6 7. a3 Nge7 8. b4
Nf5 9. Bb2 Be7 10. Be2 Bd7 11. O-O Rc8 12. Qd3 O-O 13. Nbd2 a6 14. Rac1 Na7
15. Qb1 Bb5 16. Bxb5 Qxb5 17. Rxc8 Rxc8 18. Rc1 Rxc1+ 19. Qxc1 Qc6 20. Nb3
Qxc1+ 21. Nxc1 Nc6 22. Nb3 b6 23. g4 Nh4 24. Nxh4 Bxh4 25. f4 g5 26. f5 exf5
27. gxf5 Kg7 28. Nc1 Be1 29. Ne2 Bd2 30. Kf1 Be3 31. Kg2 Bd2 32. Kf3 h5 33. h3
f6 34. Ng3 Kh6 35. exf6 Nd8 36. Nf1 g4+ 37. hxg4 hxg4+ 38. Kxg4 Bg5 39. Ng3
Bxf6 40. Nh5 Bg5 41. Nf4 Bxf4 42. Kxf4 Nc6 43. Bc3 b5 44. Bd2 Kg7 45. Kg5 Kf7
46. Bc3 Ne7 47. Bd2 Nc6 48. Be3 a5 49. bxa5 Nxa5 50. f6 Nc4 51. Bc1 Nd6 52.
Bf4 Nc4 53. Bc1 {#d} 1/2-1/2

[Event "WIO (Open)"]
[Site "Boise, ID"]
[Date "2010.12.12"]
[Round "4.8"]
[White "McGarvey, James H"]
[Black "Booth, Tom R"]
[Result "0-1"]
[WhiteElo "1656"]
[BlackElo "1567"]

1. d4 e6 2. c4 d5 3. Nc3 Nf6 4. Nf3 Nbd7 5. Bg5 c6 6. e3 Qa5 7. Bxf6 Nxf6 8.
Bd3 dxc4 9. Bxc4 Ne4 10. Rc1 Bb4 11. Qc2 Nxc3 12. bxc3 Bd6 13. O-O O-O 14. Bd3
g6 15. Rfd1 e5 16. dxe5 Bxe5 17. Nxe5 Qxe5 18. Bc4 Bf5 19. Qb3 b5 20. Be2 a5
21. Bf3 a4 22. Qb4 Rac8 23. Qd4 Qc7 24. Qc5 Be6 25. a3 Bb3 26. Rd6 Qb8 27.
Rxc6 Rxc6 28. Bxc6 Bc4 29. Qb4 Rd8 30. Bf3 Qc7 31. Qb2 Qd6 32. h3 Bb3 33. Be2
Qc5 34. Qa1 Rd2 35. Bf1 Ra2 36. Qb1 Qxa3 37. Bxb5 Bc2 38. Qxc2 Rxc2 39. Rxc2
Qb3 40. Bd3 a3 41. Rc1 a2 {#R} 0-1

[Event "Idaho Closed"]
[Site "Twin Falls, ID"]
[Date "2011.02.19"]
[Round "1.10"]
[White "Seekamp III, John Edwin"]
[Black "Booth, Tom R"]
[Result "0-1"]
[WhiteElo "786"]
[BlackElo "1618"]

1. e4 e6 2. d4 d5 3. Nc3 Nf6 4. Bg5 Be7 5. e5 Nfd7 6. Nf3 Bxg5 7. Bb5 a6 8.
Ba4 O-O 9. O-O c5 10. dxc5 Nxc5 11. Qd4 Nxa4 12. Qxa4 Bd7 13. Qg4 Be7 14. Qh5
Nc6 15. a4 Rc8 16. a5 Nxa5 17. Rxa5 Qxa5 18. Ng5 Bxg5 19. Qxg5 Qb4 20. Rb1
Rxc3 21. Qd2 Rb3 22. c3 Qe4 23. Re1 Qf5 24. Re3 Qb1+ 25. Re1 Qxb2 26. Qg5 Rxc3
27. h3 h6 28. Qg4 Rc1 29. Rxc1 Qxc1+ 30. Kh2 Rc8 31. Qb4 Bc6 32. Qe7 Qf4+ 33.
g3 Qxf2+ 34. Kh1 d4# 0-1

[Event "Idaho Closed"]
[Site "Twin Falls, ID"]
[Date "2011.02.19"]
[Round "2.5"]
[White "Booth, Tom R"]
[Black "Ye, Michael"]
[Result "0-1"]
[WhiteElo "1618"]
[BlackElo "1354"]

1. d4 d5 2. c4 e6 3. Nc3 Nf6 4. Bg5 Nbd7 5. e3 c6 6. Nf3 Qa5 7. Nd2 Bb4 8.
Bxf6 Nxf6 9. Qc2 Bd7 10. Bd3 O-O 11. O-O Bxc3 12. bxc3 Rfc8 13. c5 Qc7 14. Nf3
b6 15. cxb6 axb6 16. a4 c5 17. Bb5 cxd4 18. Bxd7 Nxd7 19. Nxd4 Qxc3 20. Qe2
Qc4 21. Qg4 Rxa4 22. h3 h6 23. Rfb1 Rca8 24. Qd1 Rxa1 25. Rxa1 Rxa1 26. Qxa1
Qc8 27. Qb1 Qb7 28. Qb5 Kf8 29. Nc6 Nc5 30. Nd4 f6 31. Qb4 Kf7 32. Qb5 g6 33.
h4 f5 34. Nc6 Qc7 35. f4 Kf6 36. Qb2+ Kf7 37. Qh8 Qxc6 38. Qxh6 Qd6 39. Qh7+
Ke8 40. Qxg6+ Kd7 41. h5 Qf8 42. h6 Ne4 43. h7 Nf6 44. Kf2 Ke7 45. g4 Nxg4+
46. Kg3 Nf6 47. Kh4 Qh8 48. Kg5 Nxh7+ 49. Qxh7+ Qxh7 50. e4 fxe4 {#R} 0-1

[Event "Idaho Closed"]
[Site "Twin Falls, ID"]
[Date "2011.02.20"]
[Round "3.10"]
[White "Connor, Kitt D"]
[Black "Booth, Tom R"]
[Result "0-1"]
[WhiteElo "1021"]
[BlackElo "1618"]

1. e4 e6 2. d4 d5 3. Nc3 Nf6 4. Bg5 Be7 5. Bxf6 Bxf6 6. e5 Be7 7. Nf3 O-O 8.
Bd3 Nd7 9. O-O c5 10. Ne2 c4 11. Bxh7+ Kxh7 12. c3 f6 13. exf6 Bxf6 14. Re1 e5
15. Ng3 e4 16. Ne5 Nxe5 17. Qh5+ Kg8 18. dxe5 Bxe5 19. Qxe5 Re8 20. Qd4 Be6
21. Re3 Qf6 22. Qxf6 gxf6 23. Nh5 Kf7 24. Rg3 Rh8 25. Nf4 Rad8 26. Rd1 b5 27.
b4 cxb3 28. axb3 Rc8 29. Ne2 a5 30. f3 exf3 31. Rxf3 Bg4 32. Rf2 Rhe8 33. Rxd5
Rxe2 34. Rf4 Rxc3 35. Rxb5 Rc1+ 36. Rf1 Rxf1+ 37. Kxf1 Ra2 38. Rb7+ Kg6 39.
Ra7 Be6 40. b4 axb4 {#R} 0-1

[Event "Idaho Closed"]
[Site "Twin Falls, ID"]
[Date "2011.02.20"]
[Round "4.5"]
[White "Booth, Tom R"]
[Black "Roland, Jeffrey T"]
[Result "1/2-1/2"]
[WhiteElo "1618"]
[BlackElo "1703"]

1. d4 Nf6 2. c4 g6 3. Nc3 d5 4. e3 Bg7 5. Nf3 O-O 6. Be2 dxc4 7. Bxc4 e6 8.
O-O Nbd7 9. e4 Nb6 10. Bb3 c6 11. e5 Nfd5 12. Bg5 Qe8 13. Qd2 f6 14. exf6 Nxf6
15. Rfe1 Kh8 16. Rad1 Nfd5 17. Nxd5 cxd5 18. Ne5 Bd7 19. Bh6 Qe7 20. Bxg7+
Kxg7 21. Re3 Rae8 22. Rh3 Kg8 23. Rc1 Rc8 24. Rhc3 Rxc3 25. Rxc3 Rc8 26. Qc2
Rxc3 27. Qxc3 Be8 28. h3 {#d} 1/2-1/2

[Event "Idaho Closed"]
[Site "Twin Falls, ID"]
[Date "2011.02.21"]
[Round "5.6"]
[White "Abderhalden, Richard Robert"]
[Black "Booth, Tom R"]
[Result "1/2-1/2"]
[WhiteElo "1503"]
[BlackElo "1618"]

1. e4 e6 2. d4 d5 3. e5 c5 4. c3 Nc6 5. Nf3 Qb6 6. a3 cxd4 7. cxd4 Nge7 8. b4
Nf5 9. Bb2 Bd7 10. Be2 Be7 11. O-O O-O 12. Qd3 Rac8 13. Nbd2 f6 14. Nb3 fxe5
15. Nxe5 Nxe5 16. dxe5 a6 17. Nd4 Nxd4 18. Bxd4 Qc7 19. Qe3 Qd8 20. f4 Qe8 21.
Rf3 Bb5 22. Raf1 Bxe2 23. Qxe2 Rc4 24. Bb2 Qc8 25. Rb1 Rfxf4 26. Rbf1 Qf8 27.
Qd3 Bg5 28. g3 Rxf3 29. Rxf3 Qe8 30. Bd4 Be7 31. Rf2 Qc8 32. Qf3 Qe8 33. Qd3
Qc8 {#d} 1/2-1/2

[Event "Idaho Closed"]
[Site "Twin Falls, ID"]
[Date "2011.02.21"]
[Round "6.4"]
[White "Booth, Tom R"]
[Black "Abderhalden, Katherine Louise"]
[Result "1-0"]
[WhiteElo "1618"]
[BlackElo "1741"]

1. d4 d5 2. c4 c6 3. cxd5 cxd5 4. Nf3 Nc6 5. Nc3 Nf6 6. e3 Bg4 7. Be2 e6 8.
Ne5 Bxe2 9. Qxe2 Bd6 10. f4 O-O 11. O-O Rc8 12. a3 Nd7 13. Bd2 Nb6 14. Nxc6
Rxc6 15. Nb5 Bb8 16. Rfc1 Rxc1+ 17. Rxc1 a6 18. Nc3 f6 19. Nd1 e5 20. Ba5 exf4
21. exf4 Re8 22. Bxb6 {#r} 1-0

[Event "ICA Players Mem-Open"]
[Site "Boise, ID"]
[Date "2011.05.14"]
[Round "1.4"]
[White "Booth, Tom R"]
[Black "Henderson, Michael"]
[Result "0-1"]
[WhiteElo "1621"]
[BlackElo "1865"]

1. d4 Nf6 2. c4 c5 3. e3 e6 4. Nf3 b6 5. Nc3 d5 6. cxd5 cxd4 7. Bb5+ Bd7 8.
exd4 Bxb5 9. Nxb5 Nxd5 10. O-O Be7 11. Nc3 O-O 12. Nxd5 Qxd5 13. Be3 Nc6 14.
a3 Rac8 15. Rc1 Rfd8 16. Qe2 Bf6 17. Rfd1 Nxd4 18. Bxd4 Rxc1 19. Rxc1 Bxd4 20.
h3 h6 21. Rc7 Rd7 22. Rc8+ Kh7 23. Qc2+ g6 24. h4 Bf6 25. Kh2 Qd6+ 26. g3 Qd5
27. Ng1 Kg7 28. Nh3 e5 29. b4 e4 30. Nf4 Qe5 31. Qc6 Rd2 32. Re8 Rxf2+ 33. Kg1
Qb2 34. Qd6 {#R} 0-1

[Event "ICA Players Mem-Open"]
[Site "Boise, ID"]
[Date "2011.05.14"]
[Round "3.5"]
[White "Booth, Tom R"]
[Black "Pentico, Christopher"]
[Result "1/2-1/2"]
[WhiteElo "1621"]
[BlackElo "1434"]

1. d4 Nf6 2. c4 g6 3. Nc3 Bg7 4. e4 d6 5. Nf3 O-O 6. Be2 Ne8 7. O-O f5 8. e5
dxe5 9. dxe5 Nc6 10. Bf4 Kh8 11. Qxd8 Nxd8 12. Bg5 Rf7 13. Rfd1 Be6 14. Rd2
Nc6 15. Bf4 Bf8 16. Ng5 Ng7 17. Nxf7+ Bxf7 18. Rad1 Ne6 19. Nd5 g5 20. Nxc7
Nxc7 21. Bxg5 Ne6 22. Bh4 Bh6 23. Rd7 Nc5 24. Rc7 {#d} 1/2-1/2

[Event "ICA Players Mem-Open"]
[Site "Boise, ID"]
[Date "2011.05.15"]
[Round "5.4"]
[White "Booth, Tom R"]
[Black "Stark, Jim"]
[Result "1/2-1/2"]
[WhiteElo "1621"]
[BlackElo "1651"]

1. d4 d5 2. c4 e6 3. Nc3 Nf6 4. Bg5 Nbd7 5. Nf3 c6 6. cxd5 exd5 7. e3 Qa5 8.
Be2 Ne4 9. O-O Nxc3 10. bxc3 Qxc3 11. Rc1 Qa5 12. Qc2 Ba3 13. Rb1 O-O 14. Bd3
g6 15. h4 f5 16. Bh6 Re8 17. Bxf5 gxf5 18. Qxf5 Nf8 19. Qg5+ Ng6 20. h5 Qd8
21. Qxd8 Rxd8 22. hxg6 hxg6 23. Ne5 Kh7 24. Bg5 Re8 25. Rb3 Bd6 26. f4 Bxe5
27. fxe5 Rb8 28. Rf7+ Kg8 29. Rf4 Rf8 30. Bf6 Rf7 31. a4 b6 32. Rc3 b5 {#d}
1/2-1/2

[Event "Sumr Classic (Open)"]
[Site "Boise, ID"]
[Date "2011.07.09"]
[Round "1.2"]
[White "Taylor, Tom"]
[Black "Booth, Tom R"]
[Result "1-0"]
[WhiteElo "1810"]
[BlackElo "1621"]

1. e4 e6 2. d4 d5 3. Nd2 Nf6 4. e5 Nfd7 5. Bd3 c5 6. c3 Nc6 7. Ndf3 cxd4 8.
cxd4 Bb4+ 9. Bd2 Bxd2+ 10. Qxd2 Qa5 11. Ne2 Nb6 12. O-O Qxd2 13. Nxd2 Nb4 14.
Bb1 Bd7 15. a3 Bb5 16. Re1 Nd3 17. Bxd3 Bxd3 18. Nc3 Nc4 19. Nxc4 Bxc4 20. Nd1
Rc8 21. Rc1 Ke7 22. Re3 Kd7 23. Rec3 Be2 24. Rxc8 Rxc8 25. Rxc8 Kxc8 26. Nc3
Bd3 27. f4 Kd7 28. Kf2 b5 29. Ke3 Bc4 30. Kd2 a6 31. Nd1 Bf1 32. Ne3 Bc4 33.
Kc3 Kc7 34. b3 Be2 35. Kd2 Bh5 36. g4 Bg6 37. f5 exf5 38. gxf5 Bh5 39. Nxd5+
Kd7 40. Ke3 Bd1 41. b4 Bc2 42. Kf4 Bb3 43. Nc3 Bc2 44. Ne4 Bxe4 45. Kxe4 Ke7
46. d5 Kd7 47. Kd4 Kc7 48. Kc5 g5 49. fxg6 fxg6 50. Kd4 Kd7 51. Ke4 Ke7 52.
Kf4 h6 53. e6 Kd6 54. h3 Ke7 55. Ke5 g5 56. d6+ Ke8 57. Kf6 {#r} 1-0

[Event "Sumr Classic (Open)"]
[Site "Boise, ID"]
[Date "2011.07.09"]
[Round "2.6"]
[White "Booth, Tom R"]
[Black "Patterson, Emily N"]
[Result "1-0"]
[WhiteElo "1621"]
[BlackElo "1442"]

1. d4 c5 2. e3 d5 3. Nf3 Nc6 4. Be2 Bf5 5. a3 Nf6 6. O-O Qb6 7. Nc3 e6 8. b3
cxd4 9. Na4 Qc7 10. exd4 Bd6 11. Be3 O-O 12. Rc1 Bxa3 13. Ra1 Bd6 14. Nc5 b6
15. Na6 Qc8 16. c4 dxc4 17. bxc4 Na5 18. c5 Be7 19. Qa4 Be4 20. Rfc1 Bc6 21.
Bb5 Bxf3 22. gxf3 Nd5 23. cxb6 Qb7 24. Qxa5 axb6 25. Qd2 f5 26. Bc6 Qa7 27.
Bxd5 exd5 28. Rc7 Qxc7 29. Nxc7 Rxa1+ 30. Kg2 Bd6 31. Nxd5 b5 32. Qb2 Ra5 33.
Qb3 Kh8 34. Nf4 Bxf4 35. Bxf4 Rd8 36. Be5 h6 37. Qb4 Rda8 38. d5 Kg8 39. d6
R5a7 40. Qxb5 Ra5 41. Qb3+ Kf8 42. Qe6 Re8 43. Bxg7+ Kxg7 44. Qxe8 {#r} 1-0

[Event "Sumr Classic (Open)"]
[Site "Boise, ID"]
[Date "2011.07.10"]
[Round "4.3"]
[White "Booth, Tom R"]
[Black "Roland, Jeffrey T"]
[Result "0-1"]
[WhiteElo "1621"]
[BlackElo "1700"]

1. d4 Nf6 2. c4 g6 3. Nc3 d5 4. e3 Bg7 5. Nf3 O-O 6. Bd2 c5 7. Be2 Nc6 8. O-O
cxd4 9. exd4 dxc4 10. Be3 Be6 11. Qa4 a6 12. Ne5 Nxe5 13. dxe5 b5 14. Qb4 Nd5
15. Nxd5 Bxd5 16. Rad1 e6 17. Bf4 Qc7 18. Rfe1 Qc6 19. Bf1 Rfe8 20. Qd2 Rad8
21. Bh6 Qc7 22. Bxg7 Kxg7 23. Qf4 Qe7 24. Re3 h5 25. g4 hxg4 26. Qxg4 Rh8 27.
Rd4 Rh5 28. Rg3 Rxe5 29. Qf4 Rh5 30. Qg4 Rdh8 31. Rxd5 exd5 32. Qd4+ Qe5 33.
Qd2 Rxh2 34. Bg2 Qh5 35. Qd4+ Kg8 36. Qxd5 Rh1+ 37. Bxh1 Qh2+ 38. Kf1 Qxh1+
39. Ke2 Qxd5 {#R} 0-1

[Event "Sumr Classic (Open)"]
[Site "Boise, ID"]
[Date "2011.07.10"]
[Round "5.4"]
[White "Booth, Tom R"]
[Black "Pentico, Christopher"]
[Result "1-0"]
[WhiteElo "1621"]
[BlackElo "1434"]

1. d4 Nf6 2. c4 e5 3. e3 exd4 4. exd4 Bb4+ 5. Nc3 O-O 6. Nf3 Re8+ 7. Be2 Ne4
8. Bd2 Bxc3 9. Bxc3 Nxc3 10. bxc3 Qe7 11. Kd2 d6 12. Re1 Nd7 13. Bd3 Qf8 14.
Qc2 g6 15. a4 Qh6+ 16. Kd1 Rxe1+ 17. Kxe1 Nf6 18. Qd2 Qh5 19. Qg5 Qxg5 20.
Nxg5 Bg4 21. f3 Re8+ 22. Kd2 Bd7 23. a5 d5 24. c5 h6 25. Nh3 Re6 26. Nf4 Re7
27. Rb1 Bc8 28. c4 c6 29. cxd5 cxd5 30. Rc1 g5 31. Ne2 Rc7 32. Ng3 b6 33. cxb6
Rxc1 34. bxa7 Bb7 35. Kxc1 Ne8 36. Nf5 h5 37. Kc2 Kf8 38. Kb3 Nc7 39. Kb4 Ne6
40. Kb5 Ba8 41. Kb6 Ke8 42. Ba6 Kd8 43. Bb7 Nc7 44. Bxa8 Nxa8+ 45. Kb7 {#r}
1-0

[Event "Eastern Idaho Open (Open)"]
[Site "Pocatello, ID"]
[Date "2011.09.24"]
[Round "1.1"]
[White "Kircher, Caleb Paul"]
[Black "Booth, Tom R"]
[Result "1-0"]
[WhiteElo "1765"]
[BlackElo "1635"]

1. d4 e6 2. Nf3 d5 3. e3 Nf6 4. Bd3 Be7 5. O-O O-O 6. b3 Nbd7 7. Bb2 c6 8.
Nbd2 b6 9. Ne5 Bb7 10. f4 c5 11. Rf3 c4 12. Nxd7 Qxd7 13. Be2 b5 14. c3 a5 15.
Rh3 b4 16. bxc4 bxc3 17. Bxc3 dxc4 18. Nxc4 Qc6 19. Qf1 Ba6 20. Rc1 Bxc4 21.
Bxc4 Rfc8 22. Bd3 Bb4 23. Bb2 Qd5 24. Bc4 Qe4 25. Rd1 h6 26. Bd3 Qc6 27. Qe2
Ne4 28. d5 exd5 29. Qg4 Bf8 30. Bd4 Rab8 31. Qf3 Rb7 32. Rh5 Bc5 33. Rxd5 Bxd4
34. Bxe4 Qb6 35. R5xd4 Qc7 36. Bxb7 Qxb7 {#r} 1-0

[Event "Eastern Idaho Open (Open)"]
[Site "Pocatello, ID"]
[Date "2011.09.24"]
[Round "4.2"]
[White "Owen, Gary"]
[Black "Booth, Tom R"]
[Result "1/2-1/2"]
[WhiteElo "1601"]
[BlackElo "1635"]

1. e4 e6 2. d4 d5 3. e5 c5 4. Nf3 Nc6 5. c3 Qb6 6. Be2 cxd4 7. cxd4 Nh6 8. Nc3
Nf5 9. Na4 Qd8 10. O-O Bd7 11. Bg5 Be7 12. Bxe7 Qxe7 13. Nc5 Rb8 14. Nxd7 Qxd7
15. Bb5 O-O 16. Rc1 Rbc8 17. Qa4 Nfe7 18. Qxa7 Ra8 19. Bxc6 Nxc6 20. Qb6 Rxa2
21. b4 Rfa8 22. b5 Na5 23. Rc7 Qd8 24. Qd6 Qxd6 25. exd6 Rd8 26. d7 Kf8 27.
Ne5 Ke7 28. Rc8 Nc4 29. Nxf7 Rxd7 30. Ne5 Nxe5 31. dxe5 d4 32. f4 d3 33. Rd1
d2 34. Kf2 Rb2 35. Ke2 Rxb5 36. Rxd2 Rxd2+ 37. Kxd2 Rd5+ 38. Kc3 b5 39. Rc7+
{#d} 1/2-1/2

[Event "SIO (Open)"]
[Site "Twin Falls, ID"]
[Date "2011.11.12"]
[Round "2.1"]
[White "Booth, Tom R"]
[Black "Roland, Jeffrey T"]
[Result "1/2-1/2"]
[WhiteElo "138"]
[BlackElo "1723"]

1. d4 Nf6 2. c4 g6 3. Nc3 d5 4. e3 c6 5. Nf3 Bg7 6. Bd2 O-O 7. cxd5 cxd5 8.
Be2 Nc6 9. a3 Re8 10. O-O e5 11. dxe5 Ng4 12. Nd4 Ngxe5 13. Rc1 Bf5 14. Nxf5
gxf5 15. b4 Nc4 16. Nb5 a6 17. Bxc4 dxc4 18. Nc3 Qd3 19. Qc2 Rad8 20. Qxd3
Rxd3 21. Rfd1 Red8 22. Be1 b5 23. Kf1 Bxc3 24. Rxd3 Rxd3 25. Bxc3 Ne7 26. Ke2
Nd5 27. Bd4 Rxa3 28. Kf3 f6 29. g4 fxg4+ 30. Kxg4 Kf7 31. h4 a5 32. bxa5 Rxa5
33. e4 Ne7 34. f4 Nc6 35. Bc5 Ra4 36. Rd1 Ke8 37. Rd6 {#d} 1/2-1/2

[Event "SIO (Open)"]
[Site "Twin Falls, ID"]
[Date "2011.11.12"]
[Round "3.2"]
[White "Kircher, Caleb Paul"]
[Black "Booth, Tom R"]
[Result "1-0"]
[WhiteElo "1781"]
[BlackElo "1638"]

1. d4 e6 2. Nf3 d5 3. e3 Nf6 4. Bd3 Nbd7 5. b3 Bb4+ 6. c3 Bd6 7. Nbd2 c5 8.
O-O e5 9. e4 O-O 10. exd5 exd4 11. cxd4 cxd4 12. Nc4 Nc5 13. Bg5 Bg4 14. h3
Bh5 15. g4 Bg6 16. Bxg6 fxg6 17. Qxd4 Nce4 18. Bxf6 Nxf6 19. Ng5 Rc8 20. Ne6
Qd7 21. Nxd6 Qxd6 22. Nxf8 Rxf8 23. Rad1 b6 24. Rfe1 g5 25. Re6 Qd7 26. Qe5
Qc8 27. d6 Nd7 28. Qd5 Kh8 29. Re7 Nf6 30. Qxg5 Rg8 31. d7 Qd8 32. Qe5 h6 33.
Qe6 Qb8 34. Re1 Qf4 35. Qxg8+ Nxg8 36. d8=Q Kh7 37. Re8 Qb4 38. Qd3+ Kh8 39.
Rxg8+ Kxg8 40. Qe2 Qf4 41. Qe8+ Kh7 42. Qe4+ {#r} 1-0

[Event "SIO (Open)"]
[Site "Twin Falls, ID"]
[Date "2011.11.12"]
[Round "4.4"]
[White "Booth, Tom R"]
[Black "Bruck, Nick Jon"]
[Result "1-0"]
[WhiteElo "1638"]
[BlackElo "1340"]

1. d4 d5 2. c4 dxc4 3. e3 e6 4. Bxc4 Nf6 5. Nf3 Bd6 6. Nc3 c6 7. O-O O-O 8. a3
b5 9. Ba2 Qc7 10. h3 Nbd7 11. e4 a6 12. e5 Bxe5 13. dxe5 Nxe5 14. Nxe5 Qxe5
15. Be3 Bb7 16. Qd4 Qxd4 17. Bxd4 Nd7 18. b4 Rac8 19. Ne4 g6 20. Nc5 Nxc5 21.
Bxc5 Rfd8 22. Rad1 Kg7 23. Bb6 Re8 24. Rd7 Ba8 25. Re1 Kf6 26. Bd4+ Kg5 27.
Rxf7 h6 28. Re5+ Kh4 29. Rf4# 1-0